Vozidlá na elektrický pohon (Electric vehicles) [CD-ROM] : Diplomová práca

Na minha lista:
Detalhes bibliográficos
Autor principal: Tibenský, Peter, 1983- (Author)
Outros Autores: Vlnka, Ján, 1953- (xxx)
Formato: Manuscrito Livro
Idioma:eslovaco
Publicado em: Bratislava : STU v Bratislave SjF, 2008
Assuntos:
Tags: Adicionar Tag
Sem tags, seja o primeiro a adicionar uma tag!

MARC

LEADER 00000ntm a22000003a 4500
001 stu181541
005 20150617225604.0
008 090313s2008----xo------------------slo-d
040 |a STU  |b slo 
041 0 |a slo 
044 |a xo 
100 1 |a Tibenský, Peter,  |d 1983-  |4 aut  |u J0020  |9 100  |U SjF Strojnícka fakulta  |T SjF Ústav automatizácie, merania a aplikovanej informatiky  |X 21814  |U J0020  |Y 802  |7 A000021814 
245 1 |a Vozidlá na elektrický pohon (Electric vehicles) [CD-ROM] :  |b Diplomová práca 
260 |a Bratislava :  |b STU v Bratislave SjF,  |c 2008 
650 7 |a elektrický pohon  |2 stusub 
700 1 |a Vlnka, Ján,  |d 1953-  |4 xxx  |u J0020  |U SjF Strojnícka fakulta  |T SjF Ústav automatizácie, merania a aplikovanej informatiky  |X 2405  |U J0020  |Y 802  |7 A000002405 
996 |b 284J035302  |c J*302/DP  |l JJSK  |s A  |a 24  |w stu181541_0001